The audacity in growing conscientious leader: (Record no. 30980)

000 -LEADER
fixed length control field 00710nam a22001817a 4500
008 - FIXED-LENGTH DATA ELEMENTS--GENERAL INFORMATION
fixed length control field 210908b |||||||| |||| 00| 0 eng d
020 ## - INTERNATIONAL STANDARD BOOK NUMBER
International Standard Book Number 9789914404067
050 ## - LIBRARY OF CONGRESS CALL NUMBER
Classification number HD 57.7 .M85 2021
100 ## - MAIN ENTRY--PERSONAL NAME
Personal name Mulwa Francis Wambua
245 ## - TITLE STATEMENT
Title The audacity in growing conscientious leader:
Remainder of title the role of frontline teams as vision bearers lead from the back/
Statement of responsibility, etc. Francis Wambua Mulwa
250 ## - EDITION STATEMENT
Edition statement Revised edition
260 ## - PUBLICATION, DISTRIBUTION, ETC. (IMPRINT)
Place of publication, distribution, etc. Switzerland :
Name of publisher, distributor, etc. Globethics Publishers,
Date of publication, distribution, etc. 2021
300 ## - PHYSICAL DESCRIPTION
Extent xx, 257p :
Other physical details ill;
Dimensions 21cm
504 ## - BIBLIOGRAPHY, ETC. NOTE
Bibliography, etc Include bibliographical reference.
650 ## - SUBJECT ADDED ENTRY--TOPICAL TERM
Topical term or geographic name as entry element Devolving Leadership
Form subdivision Leadership
650 ## - SUBJECT ADDED ENTRY--TOPICAL TERM
Topical term or geographic name as entry element Devolving Leadership
Form subdivision Leadership
942 ## - ADDED ENTRY ELEMENTS (KOHA)
Source of classification or shelving scheme
Classification part HD 57.7 .M85 2021
Koha item type Hard Covered Materials
Holdings
Withdrawn status Lost status Source of classification or shelving scheme Damaged status Not for loan Home library Current library Shelving location Date acquired Source of acquisition Cost, normal purchase price Full call number Barcode Date last seen Price effective from Koha item type Total Checkouts Date last checked out
          MACHAKOS UNIVERSITY LIBRARY MACHAKOS UNIVERSITY LIBRARY Open shelf 08/09/2021 donation - Francis Wambua Mulwa 1500.00 HD 57.7 .M85 2021 23635 16/11/2021 08/09/2021 Hard Covered Materials    
          MACHAKOS UNIVERSITY LIBRARY MACHAKOS UNIVERSITY LIBRARY Open shelf 08/09/2021 donation - Francis Wambua Mulwa 1500.00 HD 57.7 .M85 2021 23636 19/11/2021 08/09/2021 Hard Covered Materials    
          MACHAKOS UNIVERSITY LIBRARY MACHAKOS UNIVERSITY LIBRARY Open shelf 08/09/2021 donation - Francis Wambua Mulwa 1500.00 HD 57.7 .M85 2021 23637 22/11/2022 08/09/2021 Hard Covered Materials 4 09/11/2022
© Machakos University Library, Along The Highway, Machakos Wote Rd, Machakos, Kenya P.O. Box 136 - 90100 Machakos - Kenya

Tel: ( +254 ) 723 805829 OR Fax : 044-20353 OR Email: library@mksu.ac.ke